Organic chemistry (Record no. 20634)

MARC details
000 -LEADER
fixed length control field 00310nam a2200121Ia 4500
082 ## - DEWEY DECIMAL CLASSIFICATION NUMBER
Classification number 547
Item number FRE
100 ## - MAIN ENTRY--AUTHOR NAME
Personal name Freudenberg, Karl
245 #0 - TITLE STATEMENT
Title Organic chemistry
260 ## - PUBLICATION, DISTRIBUTION, ETC. (IMPRINT)
Place of publication Ann Arbor
Name of publisher University of Michigan
Year of publication 1960
700 ## - ADDED ENTRY--PERSONAL NAME
Personal name Plieninger, Hans
942 ## - ADDED ENTRY ELEMENTS (KOHA)
Koha item type Books
Holdings
Withdrawn status Lost status Damaged status Not for loan Home library Current library Date acquired Cost, normal purchase price Full call number Accession Number Koha item type
        RRII Library RRII Library 16/12/2021 10.00 547 FRE 01355 Books